Power psycho-cybernetics for youth : (Record no. 288441)
[ view plain ]
| 000 -LEADER | |
|---|---|
| fixed length control field | 00916nam a22002650 4500 |
| 001 - CONTROL NUMBER | |
| control field | ocn0553027549 |
| 003 - CONTROL NUMBER IDENTIFIER | |
| control field | PILC |
| 005 - DATE AND TIME OF LATEST TRANSACTION | |
| control field | 20150824095324.0 |
| 008 - FIXED-LENGTH DATA ELEMENTS--GENERAL INFORMATION | |
| fixed length control field | /0/2 |
| 020 ## - INTERNATIONAL STANDARD BOOK NUMBER | |
| International Standard Book Number | 0553027549 |
| Terms of availability | Php121.50 |
| 035 ## - SYSTEM CONTROL NUMBER | |
| System control number | 75158 |
| 035 ## - SYSTEM CONTROL NUMBER | |
| System control number | 75-158756 /AC/r922 |
| 050 ## - LIBRARY OF CONGRESS CALL NUMBER | |
| Classification number | BF 724.3 |
| Item number | .M3 1979 |
| 100 1# - MAIN ENTRY--PERSONAL NAME | |
| Personal name | Maltz, Maxwell, |
| Dates associated with a name | 1899- |
| 245 10 - TITLE STATEMENT | |
| Title | Power psycho-cybernetics for youth : |
| Remainder of title | a new dimension in personal freedom / |
| Statement of responsibility, etc | Maxwell Maltz. |
| 250 ## - EDITION STATEMENT | |
| Edition statement | Bantam edition. |
| 260 ## - PUBLICATION, DISTRIBUTION, ETC. (IMPRINT) | |
| Place of publication, distribution, etc | New York : |
| Name of publisher, distributor, etc | Bantam, |
| Date of publication, distribution, etc | 1979. |
| 300 ## - PHYSICAL DESCRIPTION | |
| Extent | 185 pages ; |
| Dimensions | 18 cm. |
| 500 ## - GENERAL NOTE | |
| General note | Originally published: New York : Gosset & Dunlap, 1971. |
| 505 ## - FORMATTED CONTENTS NOTE | |
| Formatted contents note | Discusses the origins of negative thought and how one can replace negativism and lethargy with goals and positive thinking. |
| 650 ## - SUBJECT ADDED ENTRY--TOPICAL TERM | |
| Topical term or geographic name as entry element | Adolescent psychology. |
| 650 ## - SUBJECT ADDED ENTRY--TOPICAL TERM | |
| Topical term or geographic name as entry element | Success. |
| 650 ## - SUBJECT ADDED ENTRY--TOPICAL TERM | |
| Topical term or geographic name as entry element | Success in adolescence. |
| 942 ## - ADDED ENTRY ELEMENTS (KOHA) | |
| Source of classification or shelving scheme | Library of Congress Classification |
| Koha item type | Books |
| Call number prefix | Foreign |
| Withdrawn status | Lost status | Source of classification or shelving scheme | Damaged status | Home library | Current library | Shelving location | Date acquired | Source of acquisition | Total Checkouts | Full call number | Barcode | Date last seen | Price effective from | Koha item type |
|---|---|---|---|---|---|---|---|---|---|---|---|---|---|---|
| Library of Congress Classification | Archives | Archives | 08/24/2015 | Donation | BF 724.3 .M3 1979 | C19734 | 05/15/2018 | 08/24/2015 | Books |